000 00632nam a22001337a 4500
040 _cRUA
082 _aAGR MEN 2009 B063 Or.1
100 _aMEN, SOVANNRATH.
245 _aSysteme de la production de fruit du dragon dans le district kampong siem kompong cham, ប្រព័ន្ធផលិតកម្មដំណាំស្រការនាគក្នុងស្រុកកំពង់សៀម​ខេត្តកំពង់ចាម
260 _aPhnom Penh
_bRUA
_c2009
300 _avii; 38p.
_bill.
_c29cm.
856 _uhttps://drive.google.com/file/d/1E7pBDHlCdK0CajLSMg5zaXSsayhNEMU8/view?usp=sharing
942 _cAGR
999 _c1515
_d1515